Statistics for Supernatural Season 6 Quiz

Click here to take the quiz!

General Stats

  • This quiz has been taken 88 times
    (77 since last reset)
  • The average score is 13 of 30

Answer Stats

HintAnswer% Correct
In "Family Matters" one of the brothers thinks Samuel is doing something wrong. Which brother is that?Dean
90%
What is a skinwalker disguised as in "All Dogs Go to Heaven"?A dog
88%
What is Dean turned into in "Live Free or Twihard"?A Vampire
85%
Who is Dean living with in "Exile on Main Street"?Lisa and Ben Braeden
81%
Who sends Sam and Dean to a world where they are Jensen Ackles and Jared Padalecki in "The French Mistake"?Balthazar
75%
What did Balthazar do in "My Heart Will Go On"?Unsink the Titanic
75%
Which of the actors directs "Weekend at Bobby's", making his directorial debut?Jensen Ackles
73%
What kind of creature is kidnapping virgins in "Like a Virgin"?Dragon
71%
What does Castiel become at the end of the season?God
67%
Whose job does Dean take over for 24 hours in "Appointment in Samarra"?Death
65%
Who does Eve bring back as a demon to torture the boys in "Mommy Dearest"?Mary Winchester
65%
What is the monster in "Mannequin 3: The Reckoning"?A ghost
50%
What does Castiel do to Lisa and Ben in "Let it Bleed"?Wipes their memories
48%
What is wrong with Sam most of the season?He is soulless
44%
What do Sam and Dean take care of in "Two and a Half Men"?A baby
40%
Which two men fight about a case in "...And Then There Were None"?Samuel and Bobby
40%
Finish the quote: "Oh, well, that's great, 'cause without your power, you're basically just a _________________"Baby in a trench coat
38%
What are Sam and Dean dealing with in "Clap Your Hands if You Believe"?Fairies
38%
Finish the quote: "This is a vessel. My true form is approximately the size of your _____________"Chrysler Building
29%
Finish the quote: "Now I lay me down to sleep, I pray to Castiel to ___________________"Get his feathery ass down here.
27%
Who does Castiel kill in the season finale?Balthazar
25%
What goddess is causing people to commit suicide in "You Can't Handle the Truth"?Veritas
25%
Finish the quote: "Balthazar: Because that god-awful Celine Dion song made me _______________"Wanna smite myself
21%
Finish the quote: "This is very complex. If the pizza man truly loves this babysitter _________________"Why does he keep slapping her rear?
21%
What is the name of the episode in which Castiel discovers porn and kisses a demon?"Caged Heat"
17%
What did Castiel tell Sam in "The Man Who Would be King"?He rescued him from Lucifer's Cage
6%
Who did Sam kill in flashbacks of a case a year before the events of "Unforgiven"?A police officer
4%
What is killing police officers in "The Third Man"?The Plagues of Egypt
4%
Who does Castiel kill at the end of "Frontierland"?Rachel
2%
What happens to Sam in "The Man Who Knew Too Much"?He goes crazy
0%

Score Distribution

Percentile by Number Answered

Percent of People with Each Score

Your Score History

You have not taken this quiz since the last reset